• 首页
  • 本馆介绍
  • 公告通知
  • 最新文献
  • 馆藏检索
  • 电子资源
  • 读者导购
  • 参考咨询
  • 我的图书馆
  • 登录
  • 详细信息显示
  • 放入我的书架
  • 预约/预借图书
  • 作者相关作品
  • 分类相关作品
  • 丛书相关作品
  • 出版社相关作品

书目信息

  • 表格格式
  • 工作单格式
  • 卡片格式
题名:
思想道德修养与法律基础实践教程
    
 
作者: 彭国平 主编
分册:  
出版信息: 武汉   华中科技大学出版社  2021.12
页数: 198页
开本: 24cm
丛书名: 高校思想政治理论课实践教学系列教材
单 册:
中图分类: G641.6-43 , D920.1
科图分类:
主题词: 思想修养--si xiang xiu yang--高等学校--教材 , 法律--fa lv--中国--高等学校--教材
电子资源:
ISBN: 978-7-5680-4643-5
000 01396nam 2200301 450
001 012001002746
005 20140203090645.0
010    @a978-7-5680-4643-5@dCNY30.00
099    @aCAL 012019024596
100    @a20220905d2018 em y0chiy50 ea
101 0  @achi
102    @aCN@b420000
105    @ay a 000yy
106    @ar
200 1  @a思想道德修养与法律基础实践教程@Asi xiang dao de xiu yang yu fa lv ji chu shi jian jiao cheng@f主编彭国平
210    @a武汉@c华中科技大学出版社@d2021.12
215    @a198页@d24cm
225 2  @a高校思想政治理论课实践教学系列教材@Agao xiao si xiang zheng zhi li lun ke shi jian jiao xue xi lie jiao cai
320    @a有书目 (第197-198页)
330    @a本书以《思想道德修养与法律基础(2018年版)》的教学内容为依据,设计了各章的实践教学环节。本书每章的内容都分为四个部分,即教学分析、理论教学探讨、实践教学、课后延伸。本书采用这样的编写方式,旨在拓宽学生的阅读视野,对学生的学习进行有效的检测,使其学习不仅仅停留在单纯的“知”的层面和环节上,更力争通过实践来实现大学生在思想道德修养与法律修养方面的“知”与“行”的统一。
410  0 @12001 @a高校思想政治理论课实践教学系列教材
606 0  @a思想修养@Asi xiang xiu yang@x高等学校@j教材
606 0  @a法律@Afa lv@y中国@x高等学校@j教材
690    @aG641.6-43@v5
690    @aD920.1@v5
701  0 @a彭国平@Apeng guo ping@4主编
801  0 @aCN@bAHXH@c20221111
905    @b1374987-91@dG641.6-43@e2451@f5
    
    思想道德修养与法律基础实践教程/主编彭国平.-武汉:华中科技大学出版社,2021.12
    198页;24cm.-(高校思想政治理论课实践教学系列教材)
    
    
    ISBN 978-7-5680-4643-5:CNY30.00
    本书以《思想道德修养与法律基础(2018年版)》的教学内容为依据,设计了各章的实践教学环节。本书每章的内容都分为四个部分,即教学分析、理论教学探讨、实践教学、课后延伸。本书采用这样的编写方式,旨在拓宽学生的阅读视野,对学生的学习进行有效的检测,使其学习不仅仅停留在单纯的“知”的层面和环节上,更力争通过实践来实现大学生在思想道德修养与法律修养方面的“知”与“行”的统一。
●
相关链接 在E读中查询图书 在五车中查询图书 在当当中查询图书 在豆瓣中查询图书


正题名:思想道德修养与法律基础实践教程     索取号:G641.6-43/2451         预约/预借

序号 登录号 条形码 馆藏地/架位号 状态 备注
1 1374987   213749871   第一样本阅览室/ [索取号:G641.6-43/2451] 在馆    
2 1374988   213749880   教育系资料室/ [索取号:G641.6-43/2451] 在馆    
3 1374989   213749899   教育系资料室/ [索取号:G641.6-43/2451] 在馆    
4 1374990   213749906   第四借阅区/ [索取号:G641.6-43/2451] 在馆    
5 1374991   213749915   第四借阅区/ [索取号:G641.6-43/2451] 在馆    
唐山师范学院图书馆 欢迎您!
大连网信软件有限公司© 版权所有